Optical projection ; a treatise on the use of the lantern in exhibition and scientific demonstration /

Bibliographic Details
Main Author: Wright, Lewis, 1838-1905
Format: Book
Language:English
Published: New York : Longmans, Green, 1901.
Subjects:

MARC

Tag First Indicator Second Indicator Subfields
LEADER 00000cam a2200000 i 4500
001 in00000051186
005 20151007065912.0
008 800505s1901 nyua 00110 eng d
035 |a (OCoLC)06283962 
035 |9 AAE2931AM 
040 |a ICW  |c ICW  |d TXA  |d UtOrBLW 
049 |a TXAM  |c [18261] 
090 |a Q186  |b .W9 
092 |a 535  |b W951o 
100 1 |a Wright, Lewis,  |d 1838-1905. 
245 1 0 |a Optical projection ;  |b a treatise on the use of the lantern in exhibition and scientific demonstration /  |c by Lewis Wright ... with 232 illustrations, new impression. 
264 1 |a New York :  |b Longmans, Green,  |c 1901. 
300 |a 438 pages :  |b illustrations ;  |c 19 cm. 
336 |a text  |b txt  |2 rdacontent 
337 |a unmediated  |b n  |2 rdamedia 
338 |a volume  |b nc  |2 rdacarrier 
500 |a Includes index. 
650 0 |a Lantern projection. 
999 |a MARS 
999 f f |s cee9dd6e-623c-3368-b98c-5f137150e507  |i 1565765d-53ef-3a08-b7f4-91d92f2ed58f  |t 0 
952 f f |p ric  |a Texas A&M University  |b Rellis Campus  |c Joint Library Facility  |d Remote Storage  |t 0  |e Q186 .W9  |h Library of Congress classification  |i unmediated -- volume  |m A14800916876 
998 f f |a Q186 .W9  |t 0  |l Remote Storage